000 00491cam a22001337a 4500
008 180718b1997 xxu||||| |||| 00| 0 eng d
082 _aA81x54 91/29/PT7
100 _aCensus of India 1991
245 _aDadra and Nagar Haveli: tables on houses and household amenities
260 _aDelhi
_bThe Controller of Publications
_c1997
300 _a129p.
440 _aCensus of India 1991. Series-29, Dadra and Nagar Haveli. Part VII
650 _aHousehold surveys - India - Dadra and Nagar Haveli
999 _c486495
_d486495